Universidad ciencia y política
Պահպանված է:
| Համատեղ հեղինակներ: | , |
|---|---|
| Ձևաչափ: | Գիրք |
| Լեզու: | իսպաներեն |
| Հրապարակվել է: |
Santiago
CPU
1970
|
| Խորագրեր: | |
| Ցուցիչներ: |
Ավելացրեք ցուցիչ
Չկան պիտակներ, Եղեք առաջինը, ով նշում է այս գրառումը!
|
MARC
| LEADER | 00000nam a2200000 a 4500 | ||
|---|---|---|---|
| 001 | UCU1070 | ||
| 003 | CL-VaPUC | ||
| 008 | 960329e19700000CL |||||||||||||||||spa|d | ||
| 082 | 0 | 4 | |a 378.007 |b COR |2 21 |
| 110 | 2 | |a Corporación de Promoción Universitaria |e author |9 356675 | |
| 710 | 2 | |a CPU |e author |9 356676 | |
| 245 | 1 | 0 | |a Universidad ciencia y política |
| 300 | |a 75 p | ||
| 942 | |c BK | ||
| 945 | |d 19960329 00:00:00 |a lriquelm | ||
| 260 | |a Santiago |b CPU |c 1970 | ||
| 650 | 0 | |a Universidades |9 256317 | |
| 650 | 0 | |a Educación superior |9 223851 | |
| 650 | 0 | |a Política educacional |9 308011 | |
| 650 | 0 | |a Investigación científica |9 259857 | |
| 651 | 0 | |a América Latina |9 255027 | |
| 583 | |a last modification |c 19960329 00:00:00 |k Rodrigo Vera | ||
| 999 | |c 245830 |d 245828 | ||
| 952 | |0 0 |1 0 |4 0 |6 378_007000000000000_COR_1970 |7 0 |8 P |9 260436 |a BIBEDU |b BIBEDU |c BIBEDU_PB |d 2019-11-19 |i 2008610 |o 378.007 COR 1970 |p 2008610 |r 2024-01-25 |w 2019-11-19 |y BK |k EDU | ||